000 00505nam a2200181Ia 4500
003 GCL
008 140319s9999 xx 000 0 ara d
040 _aGCL /
_cGCL
082 0 4 _a901
_bر ت
100 1 _aراوس، ا. ل.
245 1 0 _aالتاريخ اثره وفائدتة /
_cراوس، ا. ل.
700 1 _aمجدالدين حفنى ناصف
700 1 _aمحمد احمد انيس
300 _a222 ص
490 _aكتاب
_v0
650 0 4 _aالتاريخ - فلسفة
942 _2ddc
_cBK
999 _c41778
_d41778